| 000 | 00238nam a22000857a 4500 | ||
|---|---|---|---|
| 999 |
_c2581 _d2581 |
||
| 003 | OSt | ||
| 005 | 20171025110658.0 | ||
| 008 | 160718b xxu||||| |||| 00| 0 eng d | ||
| 020 | _a9780276429583 | ||
| 040 | _cMEDICAL | ||
| 100 |
_93018 _a Reader's Digest |
||
| 245 | _aLaughter is the Best Medicine | ||
| 260 |
_aLondon _bReader's Digest _c2005 |
||
| 942 |
_2ddc _cREF |
||